63rd student scientific and international conference 18th May 2023 faculty of wood sciences and technology, Technical university in Zvolen, Wood congres, Slovak republic
| Corporate Author: | |
|---|---|
| Format: | Software eBook |
| Language: | Slovak English Czech |
| PhysicalDescription: | 1 CD-ROM farebný 12 cm |
| Published: |
Vo Zvolene
Technická univerzita vo Zvolene
2023
|
| ISBN: | 9788022833653 |
| Subjects: |
MARC
| LEADER | 00000nam a2200000 4500 | ||
|---|---|---|---|
| 001 | vtls012243776 | ||
| 003 | SK-MaSNL | ||
| 005 | 20260301225244.0 | ||
| 007 | co cg auuua | ||
| 008 | 231110s2023 xo odalfq 100 0 slo | ||
| 020 | |a 9788022833653 |q (elektronická kniha) | ||
| 040 | |a SNK |b slo |c SNK |e rda | ||
| 041 | 0 | |a slo |a eng |a cze |b eng | |
| 044 | |a xo |c SK | ||
| 072 | 7 | |a 674 |x Drevo. Drevársky priemysel |2 konspekt | |
| 080 | |a 674 |2 2011 | ||
| 080 | |a (062.534) |2 2011 | ||
| 080 | |a (079)37.091.27 |2 2011 | ||
| 080 | |a (0.034.44) |2 2011 | ||
| 080 | |a (0.034.2) |2 2011 | ||
| 080 | |a (048.3) |2 2011 | ||
| 110 | 2 | |a Technická univerzita vo Zvolene. |b Drevárska fakulta. |b Medzinárodná konferencia ŠVOČ |n (63. : |d 2023 : |c Zvolen, Slovensko) |4 aut |9 232481 | |
| 245 | 1 | 0 | |a 63rd student scientific and international conference 18th May 2023 |b faculty of wood sciences and technology, Technical university in Zvolen, Wood congres, Slovak republic |
| 246 | 3 | 0 | |a ŠVOČ 63rd |
| 246 | 1 | |a Podnázov z obálky: |a Volume of articles | |
| 246 | 1 | |a Podnázov z obálky: |a International student scientific conference | |
| 246 | 3 | |a Sixtythree student scientific and international conference | |
| 264 | 1 | |a Vo Zvolene |b Technická univerzita vo Zvolene |c 2023 | |
| 300 | |a 1 CD-ROM |b farebný |c 12 cm | ||
| 336 | |a text |b txt |2 rdacontent | ||
| 337 | |a počítač |b c |2 rdamedia | ||
| 338 | |a počítačový disk |b cd |2 rdacarrier | ||
| 347 | |a textový súbor |b PDF |c 36,44 MB |2 rda | ||
| 366 | |e 100 kusov | ||
| 500 | |a Názov z titulnej obrazovky | ||
| 504 | |a Obsahuje bibliografie | ||
| 546 | |a Čiastočný text v angličtine a češtine ; anglické abstrakty | ||
| 650 | 0 | 7 | |a drevárstvo |2 SNKPH |9 1116 |
| 650 | 0 | 7 | |a Timber and woodworking industry |2 SNKPHeng |9 265534 |
| 655 | 7 | |a zborníky konferencií |2 SNKPH |9 70153 | |
| 655 | 7 | |a študentské práce |2 SNKPH |9 119560 | |
| 655 | 7 | |a CD-ROM |2 SNKPH |9 70236 | |
| 655 | 7 | |a Proceedings of conferences |2 SNKPHeng |9 265791 | |
| 655 | 7 | |a Student theses |2 SNKPHeng |9 265359 | |
| 655 | 7 | |a Electronic resources |2 SNKPHeng |9 175546 | |
| 655 | 7 | |a abstrakty |2 SNKPH |9 22516 | |
| 655 | 7 | |a Abstracts |2 SNKPHeng |9 275616 | |
| 655 | 7 | |a elektronické zdroje |2 SNKPH |9 90954 | |
| 752 | |a Slovensko |d Zvolen | ||
| 852 | |a Slovenská národná knižnica | ||
| 919 | |a 978-80-228-3365-3 | ||
| 999 | |c 950216 |d 952146 | ||
| 952 | |t 1 |a SNK |b SNK |c SNK_KF |y PREZ |7 0 |p 17A1561478 |o snkSCDM 13410 |i snk2024/16707 |8 0 |0 0 |1 0 |2 udc |4 0 |d 2024-10-30 |l 0 |r 2026-02-24 09:46:00 |w 2026-02-24 | ||


